00708nam a2200193Ia 4500003000400000005001700004008004100021040001800062041000800080082001500088100005000103245010200153260002200255600003600277650003600313942001300349999001900362952013300381OSt20260326115633.0211028s2008 xx 000 0 und d cAIMIT LIBRARY aeng a658.3 VIJN aVijiay A, Nirmal;P G Aquinas.g6047133395947 aA study on the impact of training program in the performance of the employees to GCI, Bangalore / bP G Aquinasc2008 aHuman Resource Management95948 aHuman Resource Management95949 2ddccPRO c218074d218074 00102ddc40718PR_MBAaAIMITbAIMITd2021-10-28eMBAl0o658.3 VIJNpPRB00149r2021-10-28 00:00:00t060471333w2021-10-28yPRO